| 000 | 00815nam a22002297a 4500 | ||
|---|---|---|---|
| 003 | DO-SdBNP | ||
| 005 | 20211005093019.0 | ||
| 007 | ta | ||
| 008 | 210702e 2011 dr s 001 m spa d | ||
| 020 | _a9789945004632 | ||
| 040 |
_aDO-SdBNP _bspa _cBNPHU |
||
| 041 | _hspa | ||
| 082 | 4 |
_aBNPHU _bS211D |
|
| 100 | 1 |
_954655 _aSánchez Dorrejo, Pedro Pablo |
|
| 245 | 1 | 0 |
_aDios creador mi alma te adora desde el púlpito privado de su propia música / _cPedro Pablo Sánchez Derrejo |
| 260 |
_aSantiago, República Dominicana : _bImpresora LatínGrafi, _c2011. |
||
| 300 |
_a480 p. : _bmús. ; _c21 cm. |
||
| 500 | _aIncluye datos biográficos del autor en la solapa de la cubierta | ||
| 500 | _aIncluye índice temático e índice alfabético de las composiciones. | ||
| 590 | _ainventariado 2021 / MF | ||
| 942 |
_2ddc _cLBS1 |
||
| 999 |
_c50042 _d50042 |
||